ბათუმის შოთა რუსთაველის სახელმწიფო უნივერსიტეტის ბიბლიოთეკა

ფილოსოფიური მეცნიერებათა ენციკლოპედია : (ბიბ.ჩანაწერი № 37632)

000 -ლიდერი
ფიქსირებული სიგრძის საკონტროლო ველი 01206nam a2200265Ia 4500
001 - საკონტროლო ნომერი
საკონტროლო ველი 3604
003 - საკონტროლო ნომრის იდენტიფიკატორი
საკონტროლო ველი GE_BSU
005 - ბოლო ოპერაციის თარიღი და დრო
საკონტროლო ველი 20190624211633.0
008 - ფიქსირებული სიგრძის მონაცემთა ელემენტები - ზოგადი ინფორმაცია
ფიქსირებული სიგრძის საკონტროლო ველი 181216s1984||||ge |||||||||||||| ||geo||
040 ## - კატალოგიზაციის წყარო
Transcribing agency GE_BSU
041 ## - ენის კოდი
Language code of text/sound track or separate title geo
080 ## - უნივერსალური ათობითი კლასიფიკაციის ინდექსი
Universal Decimal Classification number 1(031) ჰ–38
100 ## - მთავარი ჩანაწერი - პიროვნების სახელი
Personal name ჰეგელი, გეორგ ვილჰელმ ფრიდრიხ
9 (RLIN) 2873
245 ## - ცნობა სათაურის შესახებ
Title ფილოსოფიური მეცნიერებათა ენციკლოპედია :
Remainder of title გონის ფილოსოფია /
Statement of responsibility, etc რედ. ნ. ჭავჭავაძე, თ. ბუაჩიძე, გ. ცინცაძე.
264 ## - წარმოების, გამოცემის, დისტრიბუციის და სხვა ცნობები
გამოცემის, წარმოების, დისტრიბუციის... ადგილი თბილისი :
გამოცემის, წარმოების, დისტრიბუციის... სახელწოდება მეცნიერება,
გამოცემის, წარმოების, დისტრიბუციის... თარიღი 1984.
300 ## - ფიზიკური აღწერა
Extent 375 გვ.;
Other physical details 26 სმ.
653 ## - INDEX TERM--UNCONTROLLED
Uncontrolled term გონის ფილოსოფია.
653 ## - INDEX TERM--UNCONTROLLED
Uncontrolled term ცნობიერება
653 ## - INDEX TERM--UNCONTROLLED
Uncontrolled term ყოფიერება
653 ## - INDEX TERM--UNCONTROLLED
Uncontrolled term ლოგიკა
700 ## - ADDED ENTRY--PERSONAL NAME
Personal name ჭავჭავაძე, ნ.
Relator term რედაქტორი
9 (RLIN) 2874
700 ## - ADDED ENTRY--PERSONAL NAME
Personal name ბუაჩიძე, თ.
Relator term რედაქტორი
9 (RLIN) 1329
700 ## - ADDED ENTRY--PERSONAL NAME
Personal name ცინცაძე, გ.
Relator term რედაქტორი
9 (RLIN) 1759
942 ## - ADDED ENTRY ELEMENTS (KOHA)
Koha item type წიგნი
Source of classification or shelving scheme
ეგზემპლარები
ჩამოწერის სტატუსი დაკარგული ეგზემპლარის სტატუსი კლასიფიკაციის წყარო ან თაროზე გაწყობის სქემა დაზიანების სტატუსი არ გაიცემა მუდმივი მდებარეობა (დაცვის ადგილი) ამჟამინდელი ადგილსამყოფელი თაროზე განთავსების ადგილი შეძენის თარიღი სრული შენახვის შიფრი შტრიხკოდი ბოლო ოპერაციის თარიღი ეგზემპლარის მიმდევრობითი ნომერი (კეტერი?) ფასის ძალაში შესვლის თარიღი ეგზემპლარის სახეობა საჯარო შენიშვნა ღირებულება, შესყიდვის ნორმალური ფასი
          ბათუმის შოთა რუსთაველის სახელმწიფო უნივერსიტეტის მთავარი ბიბლიოთეკა ბათუმის შოთა რუსთაველის სახელმწიფო უნივერსიტეტის მთავარი ბიბლიოთეკა წიგნსაცავი 2018-12-17 1(031) ჰ–38 5144 2018-12-17 5144 2018-12-17 წიგნი  
          ბათუმის შოთა რუსთაველის სახელმწიფო უნივერსიტეტის მთავარი ბიბლიოთეკა ბათუმის შოთა რუსთაველის სახელმწიფო უნივერსიტეტის მთავარი ბიბლიოთეკა წიგნსაცავი 2019-08-14 1(031) ჰ–38 5422 2019-08-14 5422 2019-08-14 წიგნი 10 ლ. 10.00
          ბათუმის შოთა რუსთაველის სახელმწიფო უნივერსიტეტის მთავარი ბიბლიოთეკა ბათუმის შოთა რუსთაველის სახელმწიფო უნივერსიტეტის მთავარი ბიბლიოთეკა წიგნსაცავი 2022-10-11 1(031) ჰ–38 28665 2022-10-11 28665 2022-10-11 წიგნი 5 ლ. 5.00